Xunzi jian shi /
Saved in:
| Main Author: | |
|---|---|
| Other Authors: | |
| Format: | Book |
| Language: | Chinese |
| Published: |
Beijing :
Gu ji chu ban she,
1956.
|
| Tags: |
Add Tag
No Tags, Be the first to tag this record!
|
| LEADER | 01011cam a2200277ui 4500 | ||
|---|---|---|---|
| 001 | 007728845-9 | ||
| 005 | 20024617110921.0 | ||
| 008 | 951023s1956 cc b 000 0 chi d | ||
| 035 | 0 | |a ocm33346300 | |
| 040 | |a *CVU* |c *CVU* |d *YNH* |d CStRLIN | ||
| 100 | 0 | |6 880-01 |a Xunzi, |d 340 B.C.-245 B.C. | |
| 245 | 1 | 0 | |6 880-02 |a Xunzi jian shi / |c Liang Qixiong zhu. |
| 246 | 3 | |6 880-03 |a Xunzi jian shi. | |
| 260 | |6 880-04 |a Beijing : |b Gu ji chu ban she, |c 1956. | ||
| 300 | |a 18, 421 p. ; |c 21 cm. | ||
| 500 | |6 880-05 |a First ed. published in 1936 under title: Xunzi jian shi. | ||
| 504 | |a Includes bibliographical references (p. 13-14 (1st group)). | ||
| 700 | 1 | |6 880-06 |a Liang, Qixiong. | |
| 880 | 0 | |6 100-01 |a 荀子, |d 340 B.C.-245 B.C. | |
| 880 | 1 | 0 | |6 245-02 |a 荀子簡釋 / |c 梁啓雄著. |
| 880 | 3 | |6 246-03 |a 荀子柬釋 | |
| 880 | |6 260-04 |a 北京 : |b 古籍出版社, |c 1956. | ||
| 880 | |6 500-05 |a First ed. published in 1936 under title: 荀子柬釋. | ||
| 880 | 1 | |6 700-06 |a 梁啓雄. | |
| 988 | |a 20021108 | ||
| 906 | |0 OCLC | ||


